مكتبة جامعة عجلون الوطنية

فهرس بحث المكتبة

Normal view MARC view
  • الاردن - تاريخ - الملك عبدالله بن الحسين الاول -الموازنات العمومية- 1933-1952م

Entry Topical Term

Number of records used in: 1

001 - CONTROL NUMBER

  • control field: 59442

003 - CONTROL NUMBER IDENTIFIER

  • control field: JO-AjAnu

005 - DATE AND TIME OF LATEST TRANSACTION

  • control field: 20230606083724.0

008 - FIXED-LENGTH DATA ELEMENTS

  • fixed length control field: 230606|| aca||aabn | a|a d

040 ## - CATALOGING SOURCE

  • Original cataloging agency: JO-AjAnu
  • Transcribing agency: JO-AjAnu

150 ## - HEADING--TOPICAL TERM

  • Topical term or geographic name entry element: الاردن - تاريخ - الملك عبدالله بن الحسين الاول -الموازنات العمومية- 1933-1952م

670 ## - SOURCE DATA FOUND

  • Source citation: Work cat.: (JO-AjAnu)30317: عبدالله بن الحسين بن علي، ملك الأردن، 1988 - 1951؛ اشراف البخيت، محمد عدنان؛ جمع وإعداد هند غسان أبو الشعر؛ المتابعة والتنسيق باسل غازي الجغامين, author 59441, الوثائق الهاشمية: أوراق عبدالله بن الحسين: الموازنات العمومية في عهدي إمارة شرقي الأردن والمملكة الأردنية الهاشمية (1933-1952م)، مج25